[Event "Olomouc 2010 - Open Olomouc"]
[Site "Olomouc (CZE), Hotel Sigma"]
[Date "2010.08.05"]
[Round "1"]
[White "Kolasin, Jan"]
[Black "Gunajew, Rafal"]
[Result "0-1"]
[WhiteElo "1925"]
[BlackElo "2324"]
[PlyCount "78"]
[EventDate "2010.08.05"]

1. e4 c5 2. Nf3 e6 3. d4 cxd4 4. Nxd4 Qb6 5. Nc3 Bc5 6. Na4 Qa5+ 7. c3 Bxd4 8.
Qxd4 e5 9. Qc5 Qxc5 10. Nxc5 Nc6 11. Be3 Nge7 12. O-O-O b6 13. Na6 Kd8 14. f4
f6 15. Bb5 Re8 16. f5 Bxa6 17. Bxa6 Kc7 18. Rd2 Rad8 19. Rhd1 d5 20. exd5 Nxf5
21. dxc6 Nxe3 22. Rd7+ Rxd7 23. Rxd7+ Kxc6 24. Rxg7 Rd8 25. Be2 e4 26. Rxh7
Nxg2 27. a4 f5 28. Rf7 f4 29. h4 f3 30. Bb5+ Kd6 31. h5 Ne3 32. h6 Ke6 33. Rd7
Rxd7 34. Bxd7+ Kxd7 35. h7 f2 36. h8=Q f1=Q+ 37. Kd2 Qd3+ 38. Ke1 Qd1+ 39. Kf2
Ng4+ 0-1

[Event "Olomouc 2010 - Open Olomouc"]
[Site "Olomouc (CZE), Hotel Sigma"]
[Date "2010.08.05"]
[Round "1"]
[White "Kozhevnikov, Ivan"]
[Black "Pozin, Sergey"]
[Result "0-1"]
[WhiteElo "1942"]
[BlackElo "2414"]
[PlyCount "68"]
[EventDate "2010.08.05"]

1. d4 Nf6 2. Nf3 g6 3. Bg5 Bg7 4. Nbd2 O-O 5. e3 d6 6. Bd3 Nbd7 7. O-O e5 8. c3
h6 9. Bh4 Qe7 10. dxe5 dxe5 11. e4 Nc5 12. Bc2 Rd8 13. Qe2 b6 14. b4 Ba6 15. c4
Ne6 16. a3 Nf4 17. Qe3 g5 18. Bg3 Rd7 19. Rad1 Rad8 20. b5 Bb7 21. Kh1 Qe6 22.
c5 Ng4 23. Qc3 Ne2 24. Qc4 Qxc4 25. Nxc4 Rxd1 26. Rxd1 Nxg3+ 27. Kg1 Rxd1+ 28.
Bxd1 Nxe4 29. c6 Bc8 30. h3 Ngxf2 31. Bc2 f6 32. Ne3 Be6 33. Nd2 Nxh3+ 34. gxh3
Nxd2 0-1

[Event "Olomouc 2010 - Open Olomouc"]
[Site "Olomouc (CZE), Hotel Sigma"]
[Date "2010.08.05"]
[Round "1"]
[White "Malinovsky-Jun., Karel"]
[Black "Preiser, Henrik"]
[Result "1-0"]
[WhiteElo "2348"]
[BlackElo "1932"]
[PlyCount "67"]
[EventDate "2010.08.05"]

1. e4 e5 2. Nf3 d6 3. d4 Nf6 4. Nc3 Nbd7 5. Bc4 Be7 6. O-O O-O 7. Re1 c6 8. a4
Qc7 9. a5 b6 10. d5 cxd5 11. Bxd5 Nxd5 12. Nxd5 Qd8 13. Be3 Bb7 14. axb6 Bxd5
15. Qxd5 axb6 16. Nd2 Rxa1 17. Rxa1 Qc7 18. c3 Rc8 19. g3 h6 20. Ra6 Nc5 21.
Bxc5 bxc5 22. Nc4 Rd8 23. b4 cxb4 24. cxb4 Rb8 25. Ra8 Rxa8 26. Qxa8+ Kh7 27.
Qd5 f6 28. b5 Qc5 29. Qxc5 dxc5 30. b6 Bd8 31. b7 Bc7 32. Na5 Kg8 33. Nc6 c4
34. Kf1 1-0

[Event "Olomouc 2010 - Open Olomouc"]
[Site "Olomouc (CZE), Hotel Sigma"]
[Date "2010.08.05"]
[Round "1"]
[White "Reichl Sen., Roman"]
[Black "Kratochvil, Josef"]
[Result "0-1"]
[WhiteElo "1905"]
[BlackElo "2289"]
[PlyCount "78"]
[EventDate "2010.08.05"]

1. d4 Nf6 2. c4 c5 3. Nf3 cxd4 4. Nxd4 b6 5. e3 Bb7 6. Nf3 e6 7. Be2 Be7 8. b3
O-O 9. O-O Nc6 10. Bb2 Qc7 11. Nc3 a6 12. Rc1 Rfd8 13. Qc2 Rac8 14. Qb1 Qb8 15.
Ng5 Ne5 16. Nge4 Ng6 17. Bf3 b5 18. Nxf6+ Bxf6 19. Bxb7 Qxb7 20. cxb5 axb5 21.
Ne2 Bxb2 22. Qxb2 Ne7 23. Rxc8 Rxc8 24. Rc1 Ra8 25. Qd2 f5 26. a3 b4 27. Rc4
Nd5 28. Rc2 Rc8 29. Kf1 Rc6 30. Qc1 Nc3 31. Nxc3 Qc8 32. Ke1 bxc3 33. a4 d5 34.
b4 Rc4 35. a5 e5 36. b5 d4 37. Ke2 Qd7 38. Kd3 Qxb5 39. exd4 Rxd4+ 0-1

[Event "Olomouc 2010 - Open Olomouc"]
[Site "Olomouc (CZE), Hotel Sigma"]
[Date "2010.08.05"]
[Round "1"]
[White "Vojacek, Zdenek"]
[Black "Groetz, Harald"]
[Result "0-1"]
[WhiteElo "1910"]
[BlackElo "2315"]
[PlyCount "90"]
[EventDate "2010.08.05"]

1. Nf3 Nf6 2. b3 d6 3. d4 g6 4. Bb2 Bg7 5. e3 O-O 6. Bd3 Nbd7 7. O-O Re8 8.
Nbd2 e5 9. dxe5 dxe5 10. Bc4 h6 11. Qe2 e4 12. Nd4 Ne5 13. Rfd1 Bg4 14. f3 exf3
15. gxf3 Bh5 16. Nf1 Nfd7 17. Bd5 c6 18. Be4 f5 19. Bd3 Qg5+ 20. Ng3 Bxf3 21.
Nxf3 Nxf3+ 22. Qxf3 Bxb2 23. Bc4+ Kh8 24. Rab1 Rxe3 25. Qg2 Ne5 26. Rxb2 Nf3+
27. Kh1 Rae8 28. Rf1 Nxh2 29. Kxh2 f4 30. Rf3 Qh4+ 31. Kg1 fxg3 32. Rxe3 Rxe3
33. c3 Rxc3 34. Rd2 Rc1+ 35. Bf1 Qf6 36. Rd8+ Qxd8 37. Qb2+ Kh7 38. Qxc1 Qd4+
39. Kh1 Qh4+ 40. Kg2 Qh2+ 41. Kf3 Qf2+ 42. Ke4 g2 43. Bxg2 Qxg2+ 44. Kd3 Qf3+
45. Kd4 Qd5+ 0-1

[Event "Olomouc 2010 - Open Olomouc"]
[Site "Olomouc (CZE), Hotel Sigma"]
[Date "2010.08.06"]
[Round "2"]
[White "Ageichenko, Gennady"]
[Black "Mulenko, Alexandr"]
[Result "1-0"]
[WhiteElo "2402"]
[BlackElo "2114"]
[PlyCount "155"]
[EventDate "2010.08.05"]

1. e4 g6 2. d4 c6 3. Nc3 Bg7 4. Nf3 d5 5. h3 dxe4 6. Nxe4 Bf5 7. Nc5 b6 8. Nb3
Nf6 9. Bd3 Bxd3 10. Qxd3 Qc7 11. O-O O-O 12. Re1 e6 13. Bg5 Nbd7 14. Qd2 Rfe8
15. Bf4 Qb7 16. Rad1 a5 17. a4 Nd5 18. Bd6 b5 19. Ra1 N5b6 20. Nxa5 Qa6 21.
axb5 Qxb5 22. b3 c5 23. c4 Qa6 24. Be5 Nxe5 25. dxe5 Red8 26. Qe3 Qc8 27. Qe4
Rd7 28. Qc6 Qxc6 29. Nxc6 Rxa1 30. Rxa1 Rc7 31. Na7 Nd7 32. Nb5 Rc8 33. Re1 h6
34. Nc3 Rb8 35. Nb5 g5 36. g4 Kh7 37. Re3 Ra8 38. Kg2 Ra1 39. Nd6 Kg8 40. Ne8
Bh8 41. Kg3 Kf8 42. Nc7 Ke7 43. Nb5 Bg7 44. h4 gxh4+ 45. Kxh4 Nf8 46. Kg3 Nd7
47. Nc3 Ra3 48. Na4 Ra1 49. Nc3 Rc1 50. Ne2 Rb1 51. Nf4 Rb2 52. Nh5 Bh8 53. Kg2
Nb8 54. Nf6 Bxf6 55. exf6+ Kxf6 56. Ne5 Rd2 57. Nd3 Nd7 58. Kg3 e5 59. f3 Rd1
60. Nf2 Rd4 61. Ne4+ Kg6 62. Re2 Rd3 63. Rb2 f5 64. gxf5+ Kxf5 65. Rh2 Kg6 66.
Ra2 h5 67. Ra6+ Kg7 68. Kh4 Rxf3 69. Kg5 h4 70. Ra7 Rf7 71. Nd6 h3 72. Nxf7 h2
73. Ra1 Kxf7 74. Rh1 Ke6 75. Rxh2 e4 76. Kf4 Nf6 77. Rh6 Ke7 78. Kf5 1-0

[Event "Olomouc 2010 - Open Olomouc"]
[Site "Olomouc (CZE), Hotel Sigma"]
[Date "2010.08.06"]
[Round "2"]
[White "Berni, Fabrizio"]
[Black "Johansson, Jan"]
[Result "1/2-1/2"]
[WhiteElo "2154"]
[BlackElo "2428"]
[PlyCount "140"]
[EventDate "2010.08.05"]

1. e4 g6 2. d4 Bg7 3. Nc3 d6 4. Be3 c6 5. Qd2 b5 6. Bd3 Nd7 7. Nf3 Bb7 8. h3 a6
9. a4 e5 10. dxe5 dxe5 11. Ne2 Ngf6 12. Ng3 O-O 13. O-O Qe7 14. Rfd1 Rfe8 15.
Qc3 Bf8 16. Nd2 Nc5 17. b3 Nfd7 18. Nf3 Ne6 19. Rab1 Red8 20. Bf1 f6 21. Qa5
Qe8 22. Rd2 Bc5 23. Bxc5 Ndxc5 24. Rbd1 Rxd2 25. Rxd2 Rd8 26. Rxd8 Qxd8 27.
Qxd8+ Nxd8 28. axb5 cxb5 29. Nd2 Nc6 30. c3 Bc8 31. b4 Na4 32. c4 Nd4 33. cxb5
axb5 34. Nb1 Bd7 35. Ne2 Kf7 36. Nbc3 Nc2 37. Nd5 Bc6 38. Nec3 Nd4 39. f3 f5
40. Kf2 f4 41. Ke1 Nxc3 42. Nxc3 Ke6 43. Bd3 Kd7 44. Ne2 Ne6 45. Nc3 Nc7 46.
Kd2 Kc8 47. Bc2 Kb7 48. Bb3 Na6 49. Na2 Bd7 50. Kc3 Kc7 51. Nc1 Kd6 52. Nd3 g5
53. Kd2 h5 54. Ke2 g4 55. hxg4 hxg4 56. Kf2 g3+ 57. Ke2 Bc8 58. Ba2 Nb8 59. Bf7
Nc6 60. Kf1 Bd7 61. Ba2 Be8 62. Bd5 Nd4 63. Kg1 Nc2 64. Bg8 Ne3 65. Ne1 Bd7 66.
Nd3 Bc6 67. Kh1 Bb7 68. Kg1 Nc2 69. Kf1 Bc8 70. Kg1 Nd4 1/2-1/2

[Event "Olomouc 2010 - Open Olomouc"]
[Site "Olomouc (CZE), Hotel Sigma"]
[Date "2010.08.06"]
[Round "2"]
[White "Groetz, Harald"]
[Black "Opravil, Karel"]
[Result "1/2-1/2"]
[WhiteElo "2315"]
[BlackElo "2087"]
[PlyCount "119"]
[EventDate "2010.08.05"]

1. e4 c5 2. Nf3 a6 3. c4 e6 4. Nc3 d6 5. d4 cxd4 6. Nxd4 Qc7 7. Bd3 Nf6 8. O-O
b6 9. f4 Nbd7 10. f5 Ne5 11. Kh1 Be7 12. Be3 O-O 13. Rc1 Nfg4 14. Bg1 Nxd3 15.
Qxd3 Nf6 16. Bf2 Ng4 17. Bg3 Ne5 18. Bxe5 dxe5 19. Qg3 Bh4 20. Qxh4 exd4 21. f6
Qe5 22. Na4 Bb7 23. Nxb6 Rad8 24. Nd5 Bxd5 25. exd5 gxf6 26. Rxf6 d3 27. Qg3+
Qxg3 28. hxg3 Kg7 29. Rf3 d2 30. Rd1 exd5 31. c5 Rfe8 32. Rxd2 Re1+ 33. Kh2 Rc1
34. Ra3 d4 35. Rad3 Rxc5 36. Rxd4 Rxd4 37. Rxd4 Rc2 38. Ra4 Rxb2 39. Rxa6 Rb1
40. g4 Rc1 41. Kg3 Rc3+ 42. Kh4 Rc2 43. Kh3 Rc3+ 44. g3 Rc1 45. Rd6 Rc4 46. Rd2
Ra4 47. Rf2 Kg6 48. Re2 Kg7 49. Rb2 Kg6 50. Rf2 Kg7 51. Kh4 Kg6 52. Kh3 Kg7 53.
Rd2 Kg6 54. Rc2 Kg7 55. Rf2 Kg6 56. Kh4 Kg7 57. Kg5 Ra3 58. Kf4 Ra4+ 59. Kf5
Ra3 60. Kf4 1/2-1/2

[Event "Olomouc 2010 - Open Olomouc"]
[Site "Olomouc (CZE), Hotel Sigma"]
[Date "2010.08.06"]
[Round "2"]
[White "Gunajew, Rafal"]
[Black "Falkowski, Dawid"]
[Result "1-0"]
[WhiteElo "2324"]
[BlackElo "2091"]
[PlyCount "67"]
[EventDate "2010.08.05"]

1. e4 e5 2. Nf3 Nc6 3. Bc4 Nf6 4. Ng5 d5 5. exd5 b5 6. Bxb5 Qxd5 7. Be2 Nd4 8.
Nf3 Bd6 9. Nc3 Qc5 10. d3 O-O 11. O-O Bb7 12. Re1 Rfe8 13. Be3 Nxe2+ 14. Qxe2
Qc6 15. Bg5 e4 16. dxe4 Nxe4 17. Nxe4 Rxe4 18. Qxe4 Qxe4 19. Rxe4 Bxe4 20. c3
f6 21. Be3 Kf7 22. Rd1 a5 23. Rd4 Bb1 24. a3 Rb8 25. b4 axb4 26. axb4 g5 27. g3
Ba2 28. Rd2 Bb1 29. Rb2 Be4 30. Nd2 Bd3 31. Ra2 Ke6 32. Bd4 Rb7 33. Ra5 Kd7 34.
Bxf6 1-0

[Event "Olomouc 2010 - Open Olomouc"]
[Site "Olomouc (CZE), Hotel Sigma"]
[Date "2010.08.06"]
[Round "2"]
[White "Krapivin, Vladislav"]
[Black "Faellman, Micael"]
[Result "1-0"]
[WhiteElo "2362"]
[BlackElo "2096"]
[PlyCount "78"]
[EventDate "2010.08.05"]

1. e4 e5 2. Nc3 Nf6 3. Nf3 Nc6 4. Bb5 Nd4 5. Ba4 Bc5 6. Nxe5 O-O 7. Nd3 Bb6 8.
e5 Ne8 9. Nd5 c6 10. Ne3 d6 11. c3 Nf5 12. Bc2 dxe5 13. Nxe5 Nxe3 14. fxe3 Qg5
15. Nf3 Qxg2 16. Bxh7+ Kh8 17. Rg1 Qh3 18. Bd3 Bg4 19. Be2 Nf6 20. d3 Rfe8 21.
Rg3 Qh5 22. Nd4 Qxh2 23. Rxg4 Nxg4 24. Bxg4 Bxd4 25. cxd4 Qg1+ 26. Kd2 Qxe3+
27. Kc3 Qg3 28. Bd2 c5 29. d5 Qe5+ 30. Kc2 Qxd5 31. Bf3 Qd7 32. Qh1+ Kg8 33.
Be4 Rad8 34. Qh7+ Kf8 35. Qh8+ Ke7 36. Bg5+ Kd6 37. Bf4+ Ke7 38. Qxg7 Rc8 39.
Rf1 Rf8 1-0

[Event "Olomouc 2010 - Open Olomouc"]
[Site "Olomouc (CZE), Hotel Sigma"]
[Date "2010.08.06"]
[Round "2"]
[White "Pozin, Sergey"]
[Black "Blazeka, Matej"]
[Result "1-0"]
[WhiteElo "2414"]
[BlackElo "2134"]
[PlyCount "87"]
[EventDate "2010.08.05"]

1. d4 Nf6 2. Nf3 g6 3. c4 Bg7 4. Nc3 d6 5. Bg5 O-O 6. e3 Nbd7 7. Be2 e5 8. O-O
c6 9. Qc2 Re8 10. Rad1 Qa5 11. Bh4 Nf8 12. dxe5 dxe5 13. a3 Bf5 14. Qc1 Rad8
15. b4 Qc7 16. Nd2 Rd7 17. c5 b5 18. Bxf6 Bxf6 19. Nde4 Be7 20. Rxd7 Nxd7 21.
Rd1 Nf6 22. Nd6 Bxd6 23. Rxd6 Re6 24. Qd2 Rxd6 25. cxd6 Qd7 26. f4 exf4 27. Qd4
Ne8 28. e4 Be6 29. e5 f6 30. Ne4 fxe5 31. Qxe5 Bf5 32. Nc5 Qd8 33. Nb7 Qb6+ 34.
Nc5 Qd8 35. Nb7 Qb6+ 36. Kf1 Qe3 37. Qxe3 fxe3 38. Bf3 Bc8 39. Bxc6 Bxb7 40. d7
Bxc6 41. d8=Q Kf7 42. Qc8 e2+ 43. Kxe2 Bxg2 44. Qd7+ 1-0

[Event "Olomouc 2010 - Open Olomouc"]
[Site "Olomouc (CZE), Hotel Sigma"]
[Date "2010.08.06"]
[Round "2"]
[White "Smistikova, Ksenija"]
[Black "Nguyen, Piotr"]
[Result "1/2-1/2"]
[WhiteElo "2121"]
[BlackElo "2372"]
[PlyCount "95"]
[EventDate "2010.08.05"]

1. e4 c5 2. Nf3 d6 3. d4 cxd4 4. Nxd4 Nf6 5. Nc3 a6 6. Bd3 e5 7. Nb3 Be6 8. Bg5
Nbd7 9. Nd5 Bxd5 10. exd5 Be7 11. Bxf6 Bxf6 12. O-O O-O 13. Nd2 g6 14. Kh1 Bg7
15. f3 f5 16. c4 Bh6 17. b4 Qh4 18. g3 Qg5 19. Nb3 Rae8 20. c5 e4 21. f4 Qe7
22. Re1 Kh8 23. Be2 g5 24. Nd4 gxf4 25. gxf4 Bxf4 26. Bh5 Qh4 27. Qe2 Rc8 28.
Ne6 Rf6 29. Nxf4 Qxf4 30. c6 bxc6 31. Qxa6 Rff8 32. dxc6 Ne5 33. Rf1 Qg5 34.
Qe2 Rxc6 35. Rg1 Qf6 36. Rad1 Rc4 37. Qg2 Nd3 38. Be2 Nf4 39. Bxc4 Nxg2 40.
Rxg2 h6 41. Rdg1 f4 42. Rg6 Qh4 43. R1g4 Qe1+ 44. Rg1 Qh4 45. R1g4 Qe1+ 46. Rg1
Qh4 47. R1g4 Qe1+ 48. Rg1 1/2-1/2

[Event "Olomouc 2010 - Open Olomouc"]
[Site "Olomouc (CZE), Hotel Sigma"]
[Date "2010.08.06"]
[Round "2"]
[White "Snorek, Milan"]
[Black "Castaldo, Folco"]
[Result "0-1"]
[WhiteElo "2143"]
[BlackElo "2403"]
[PlyCount "52"]
[EventDate "2010.08.05"]

1. d4 e6 2. c4 f5 3. g3 Nf6 4. Bg2 Bb4+ 5. Bd2 Be7 6. Nc3 O-O 7. Qb3 a5 8. Nf3
Nc6 9. a3 Ne4 10. d5 Nxd2 11. Kxd2 a4 12. Nxa4 Na5 13. Qd3 c6 14. Rhd1 exd5 15.
cxd5 b5 16. d6 Bf6 17. Nc5 Bxb2 18. Ke1 Nc4 19. Nh4 Bxa1 20. Rxa1 Qf6 21. Ra2
Nxd6 22. f4 Qe7 23. Rd2 Nc4 24. Nxd7 Rxa3 25. Bd5+ cxd5 26. Qxd5+ Rf7 0-1

[Event "Olomouc 2010 - Open Olomouc"]
[Site "Olomouc (CZE), Hotel Sigma"]
[Date "2010.08.06"]
[Round "2"]
[White "Teitsson, Smari Rafn"]
[Black "Juptner, Jan"]
[Result "0-1"]
[WhiteElo "2089"]
[BlackElo "2283"]
[PlyCount "38"]
[EventDate "2010.08.05"]

1. e4 c5 2. Nc3 Nc6 3. f4 e6 4. Nf3 d5 5. Bb5 Nge7 6. O-O dxe4 7. Nxe4 a6 8.
Bd3 Qc7 9. b3 Nd5 10. Bb2 Nxf4 11. Nfg5 f5 12. Ng3 Bd6 13. Qe1 Qe7 14. Nxf5
exf5 15. Bxg7 Rg8 16. Bf6 Nxd3 17. cxd3 Qxe1 18. Raxe1+ Kf8 19. Bc3 Rxg5 0-1

[Event "Olomouc 2010 - Open Olomouc"]
[Site "Olomouc (CZE), Hotel Sigma"]
[Date "2010.08.06"]
[Round "2"]
[White "Tolstikh, Nikolai"]
[Black "Kosin, Jens"]
[Result "1-0"]
[WhiteElo "2387"]
[BlackElo "2107"]
[PlyCount "61"]
[EventDate "2010.08.05"]

1. Nf3 d5 2. d4 Nf6 3. c4 c6 4. Qc2 Bg4 5. Ne5 Nbd7 6. Nxg4 Nxg4 7. e3 e6 8.
Be2 Ngf6 9. Nc3 Bd6 10. O-O Qc7 11. h3 O-O 12. Bd2 dxc4 13. Bxc4 e5 14. dxe5
Nxe5 15. Bb3 Rad8 16. Rad1 Rfe8 17. Ne2 Qc8 18. Bc3 Bb8 19. Ng3 Qc7 20. Rxd8
Rxd8 21. Rd1 Re8 22. Qf5 Qe7 23. Qg5 h6 24. Qh4 Nd5 25. Qxe7 Nxe7 26. f4 N5g6
27. Rd7 b6 28. Nh5 Nf8 29. Rb7 Ne6 30. Bxe6 fxe6 31. Nxg7 1-0

[Event "Olomouc 2010 - Open Olomouc"]
[Site "Olomouc (CZE), Hotel Sigma"]
[Date "2010.08.06"]
[Round "2"]
[White "Weber, Martin"]
[Black "Gorbatov, Alexey"]
[Result "1-0"]
[WhiteElo "2136"]
[BlackElo "2390"]
[PlyCount "57"]
[EventDate "2010.08.05"]

1. e4 c5 2. Nc3 e6 3. f4 a6 4. Nf3 d5 5. d3 Nc6 6. g3 d4 7. Nb1 f5 8. Bg2 Nf6
9. Nbd2 Be7 10. O-O O-O 11. Re1 Re8 12. a4 Bf8 13. Nc4 fxe4 14. dxe4 b6 15. Ng5
e5 16. fxe5 Nxe5 17. Nxe5 Rxe5 18. Bf4 Re7 19. Qd3 Raa7 20. e5 h6 21. exf6
Rxe1+ 22. Rxe1 hxg5 23. Bxg5 gxf6 24. Qg6+ Rg7 25. Qxf6 Qxf6 26. Bxf6 Rd7 27.
Re8 Kf7 28. Rxc8 c4 29. Rd8 1-0

[Event "Olomouc 2010 - Open Olomouc"]
[Site "Olomouc (CZE), Hotel Sigma"]
[Date "2010.08.06"]
[Round "2"]
[White "Zilka, Stepan"]
[Black "Zielinski, Stanislaw"]
[Result "1-0"]
[WhiteElo "2493"]
[BlackElo "2138"]
[PlyCount "81"]
[EventDate "2010.08.05"]

1. d4 Nf6 2. c4 g6 3. Nc3 Bg7 4. e4 d6 5. Nf3 O-O 6. Be2 e5 7. O-O Nc6 8. d5
Ne7 9. Ne1 Nd7 10. Be3 f5 11. f3 f4 12. Bf2 g5 13. Nd3 h5 14. c5 Nf6 15. Rc1 g4
16. cxd6 cxd6 17. Nb5 g3 18. hxg3 fxg3 19. Bxg3 Qb6+ 20. Nf2 Bd7 21. a4 Bxb5
22. Bxb5 Ng6 23. Kh1 h4 24. Bh2 Nh5 25. Bd7 Bh6 26. Rc3 Qxb2 27. Rb3 Qa2 28.
Ng4 Qd2 29. Qxd2 Bxd2 30. Bf5 Kg7 31. Rxb7+ Rf7 32. Rfb1 Ng3+ 33. Bxg3 hxg3 34.
Rxf7+ Kxf7 35. Rb7+ Ne7 36. Be6+ Kg6 37. Kg1 Nc8 38. f4 Bxf4 39. Bf5+ Kg5 40.
Rg7+ Kh4 41. Nf6 1-0

[Event "Olomouc 2010 - Open Olomouc"]
[Site "Olomouc (CZE), Hotel Sigma"]
[Date "2010.08.07"]
[Round "3"]
[White "Bugalski, Michal"]
[Black "Navratilik, Pavel"]
[Result "1/2-1/2"]
[WhiteElo "2252"]
[BlackElo "2159"]
[PlyCount "57"]
[EventDate "2010.08.05"]

1. c4 Nf6 2. g3 c5 3. Bg2 Nc6 4. Nc3 g6 5. e3 Bg7 6. Nge2 O-O 7. O-O d6 8. d3
e5 9. a3 Bg4 10. h3 Be6 11. Nd5 Qd7 12. Kh2 Ne8 13. Nec3 f5 14. f4 Nf6 15. Rb1
Ne7 16. b4 Bxd5 17. Nxd5 Nexd5 18. cxd5 exf4 19. gxf4 Rac8 20. Qb3 cxb4 21.
axb4 Rc3 22. Qd1 Qb5 23. Rb3 Rfc8 24. Rxc3 Rxc3 25. Bb2 Rxd3 26. Qa1 Rd2 27.
Bxf6 Bxf6 28. Qxf6 Qxf1 29. Qd8+ 1/2-1/2

[Event "Olomouc 2010 - Open Olomouc"]
[Site "Olomouc (CZE), Hotel Sigma"]
[Date "2010.08.07"]
[Round "3"]
[White "Cagasik, Tomas"]
[Black "Zilka, Stepan"]
[Result "1/2-1/2"]
[WhiteElo "2238"]
[BlackElo "2493"]
[PlyCount "76"]
[EventDate "2010.08.05"]

1. c4 e5 2. Nc3 Nf6 3. g3 d5 4. cxd5 Nxd5 5. Bg2 Nb6 6. Nf3 Nc6 7. d3 Be7 8.
O-O O-O 9. Be3 Be6 10. Na4 Nxa4 11. Qxa4 Qd7 12. Kh1 Bd5 13. Rfc1 Rfd8 14. Nd2
Nd4 15. Qxd7 Bxg2+ 16. Kxg2 Rxd7 17. Bxd4 exd4 18. Ne4 a5 19. g4 c6 20. f4 f5
21. gxf5 Rd5 22. Ng3 Bh4 23. Rc4 Bxg3 24. hxg3 c5 25. Rac1 b6 26. a3 a4 27. Rb1
Rxf5 28. b4 axb3 29. Rxb3 Rf6 30. a4 Kf7 31. Rb5 Rc6 32. Kf3 Ke6 33. e3 dxe3
34. Kxe3 Kd7 35. d4 Re6+ 36. Kf3 cxd4 37. Rxd4+ Kc6 38. Rc4+ Kd7 1/2-1/2

[Event "Olomouc 2010 - Open Olomouc"]
[Site "Olomouc (CZE), Hotel Sigma"]
[Date "2010.08.07"]
[Round "3"]
[White "Charochkina, Daria"]
[Black "Hanko, Pavol"]
[Result "1/2-1/2"]
[WhiteElo "2298"]
[BlackElo "2198"]
[PlyCount "116"]
[EventDate "2010.08.05"]

1. e4 c5 2. Nf3 e6 3. d4 cxd4 4. Nxd4 Nf6 5. Nc3 d6 6. g4 h6 7. h4 Nc6 8. Rg1
h5 9. gxh5 Nxh5 10. Bg5 Nf6 11. Nb3 a6 12. Qf3 Be7 13. O-O-O Qc7 14. Bf4 g6 15.
Kb1 Ne5 16. Qe2 b5 17. Be3 Bb7 18. f4 Nc4 19. Bf2 Rc8 20. Be1 b4 21. Qxc4 Qxc4
22. Bxc4 Rxc4 23. Na5 Rc7 24. e5 dxe5 25. fxe5 bxc3 26. exf6 Bxf6 27. Bg3 Re7
28. Rgf1 Bg7 29. Rd6 Rh5 30. Nc4 Bd5 31. Rd1 Rd7 32. bxc3 Rb7+ 33. Rb6 Rxb6+
34. Nxb6 Bxc3 35. Rd3 Ba5 36. Nc8 Kd7 37. Nd6 Bc7 38. Nxf7 Bxg3 39. Rxg3 Ke7
40. Ng5 Rxh4 41. Kc1 Bxa2 42. Nf3 Rh1+ 43. Kb2 Bd5 44. Ne5 Kf6 45. Nxg6 e5 46.
Rd3 Kxg6 47. Rxd5 Kf5 48. Ra5 Rh6 49. c4 Kf4 50. Kc3 e4 51. Kd2 e3+ 52. Ke2
Rh2+ 53. Kf1 Kf3 54. Rf5+ Ke4 55. Ra5 e2+ 56. Ke1 Kd3 57. Ra3+ Kxc4 58. Rxa6
Kd3 1/2-1/2

[Event "Olomouc 2010 - Open Olomouc"]
[Site "Olomouc (CZE), Hotel Sigma"]
[Date "2010.08.07"]
[Round "3"]
[White "Chojnowski, Marcin"]
[Black "Savitskiy, Sergey"]
[Result "0-1"]
[WhiteElo "2162"]
[BlackElo "2245"]
[PlyCount "90"]
[EventDate "2010.08.05"]

1. e4 c5 2. Nc3 d6 3. f4 Nc6 4. Bb5 Bd7 5. Nf3 a6 6. Bxc6 Bxc6 7. d3 e6 8. O-O
Nf6 9. e5 Nd7 10. Be3 Qc7 11. Ng5 dxe5 12. Qh5 g6 13. Qh3 e4 14. Ncxe4 Be7 15.
Rae1 Bxe4 16. dxe4 Bxg5 17. fxg5 O-O 18. Rf4 Qe5 19. Rh4 Qg7 20. e5 Rfd8 21.
Bd2 b6 22. Bc3 Nb8 23. Qf3 Ra7 24. b4 Rad7 25. bxc5 bxc5 26. Ba5 Rc8 27. Bb6
Rd5 28. Rhe4 Nd7 29. Ba5 Nxe5 30. Qe2 Nc6 31. Qxa6 Qf8 32. Bc3 Rxg5 33. Qe2 Nd4
34. Qe3 Rd5 35. a4 Nxc2 36. Qh3 Nxe1 37. Rxe1 Rcd8 38. Qf3 Rf5 39. Qe2 Qd6 40.
a5 Qd3 41. Qb2 e5 42. Qa1 Qc2 43. a6 Rf2 44. Bxe5 Rxg2+ 45. Kh1 Re2 0-1

[Event "Olomouc 2010 - Open Olomouc"]
[Site "Olomouc (CZE), Hotel Sigma"]
[Date "2010.08.07"]
[Round "3"]
[White "Freyberg, Dominic"]
[Black "Tolstikh, Nikolai"]
[Result "1-0"]
[WhiteElo "2202"]
[BlackElo "2387"]
[PlyCount "47"]
[EventDate "2010.08.05"]

1. e4 c5 2. Nc3 e6 3. f4 Nc6 4. Nf3 d5 5. d3 Nf6 6. g3 b5 7. Bg2 a6 8. O-O Be7
9. f5 b4 10. Ne2 exf5 11. exd5 Nxd5 12. c4 bxc3 13. bxc3 Bd7 14. Nh4 Bxh4 15.
gxh4 Be6 16. d4 cxd4 17. Ba3 Qa5 18. c4 Qxa3 19. cxd5 Qe3+ 20. Kh1 O-O 21. dxe6
Rac8 22. exf7+ Kh8 23. Nf4 Rxf7 24. Qh5 1-0

[Event "Olomouc 2010 - Open Olomouc"]
[Site "Olomouc (CZE), Hotel Sigma"]
[Date "2010.08.07"]
[Round "3"]
[White "Furman, Boris"]
[Black "Pozin, Sergey"]
[Result "0-1"]
[WhiteElo "2237"]
[BlackElo "2414"]
[PlyCount "70"]
[EventDate "2010.08.05"]

1. d4 d6 2. c4 g6 3. Nc3 Bg7 4. Nf3 Bg4 5. e3 Nf6 6. Be2 O-O 7. O-O c5 8. d5
Na6 9. Nd2 Bxe2 10. Qxe2 Nc7 11. e4 a6 12. a4 Re8 13. f4 e6 14. dxe6 Nxe6 15.
Qd3 Nd4 16. Nf3 Qe7 17. Re1 Ng4 18. h3 Nxf3+ 19. Qxf3 Bd4+ 20. Kh1 Nf2+ 21. Kh2
Bxc3 22. Qxc3 Nxe4 23. Qc2 d5 24. cxd5 Rad8 25. Ra3 Rxd5 26. Rae3 f5 27. b3 Qd6
28. Rxe4 Rxe4 29. Rxe4 fxe4 30. Qxe4 Kf7 31. Bb2 Rd2 32. Qxb7+ Qe7 33. Qxe7+
Kxe7 34. Ba3 Rc2 35. a5 Ke6 0-1

[Event "Olomouc 2010 - Open Olomouc"]
[Site "Olomouc (CZE), Hotel Sigma"]
[Date "2010.08.07"]
[Round "3"]
[White "Mariano, Elia"]
[Black "Gunajew, Rafal"]
[Result "1/2-1/2"]
[WhiteElo "2200"]
[BlackElo "2324"]
[PlyCount "50"]
[EventDate "2010.08.05"]

1. d4 d5 2. c4 e6 3. Nc3 c6 4. cxd5 exd5 5. Qc2 g6 6. Bf4 Bf5 7. Qd2 Nf6 8. Nf3
Nbd7 9. e3 Qb6 10. Ne5 Nh5 11. Nxd7 Bxd7 12. Be5 f6 13. Bg3 Nxg3 14. hxg3 O-O-O
15. Bd3 Bd6 16. O-O Kb8 17. Na4 Qb4 18. Qxb4 Bxb4 19. a3 Bd6 20. b4 g5 21. Rfb1
h5 22. Nc5 h4 23. Nxd7+ Rxd7 24. g4 Re7 25. a4 Rc8 1/2-1/2

[Event "Olomouc 2010 - Open Olomouc"]
[Site "Olomouc (CZE), Hotel Sigma"]
[Date "2010.08.07"]
[Round "3"]
[White "Neumeier, Lars"]
[Black "Krejci-Sen., Jan"]
[Result "1/2-1/2"]
[WhiteElo "2281"]
[BlackElo "2164"]
[PlyCount "71"]
[EventDate "2010.08.05"]

1. d4 d5 2. Nf3 Nf6 3. c4 c6 4. g3 Bf5 5. Nbd2 e6 6. Bg2 Nbd7 7. O-O Bd6 8. b3
h6 9. Bb2 O-O 10. Re1 Qe7 11. Qc1 a5 12. Nh4 Bh7 13. e4 Nxe4 14. Nxe4 Bxe4 15.
Bxe4 dxe4 16. Rxe4 Qd8 17. Nf3 Qf6 18. Ne5 Nxe5 19. dxe5 Qg6 20. Qe3 Bc7 21. h4
Rad8 22. Re1 Rd7 23. Kg2 Rfd8 24. Bd4 Ra8 25. Qc3 Bd8 26. Rf4 Be7 27. Ree4 Bb4
28. Qe3 c5 29. Bc3 Bxc3 30. Qxc3 b6 31. Qf3 Rad8 32. h5 Qg5 33. Rg4 Qf5 34.
Rgf4 Qg5 35. Rg4 Qf5 36. Rgf4 1/2-1/2

[Event "Olomouc 2010 - Open Olomouc"]
[Site "Olomouc (CZE), Hotel Sigma"]
[Date "2010.08.07"]
[Round "3"]
[White "Oresky, Jan"]
[Black "Ageichenko, Gennady"]
[Result "1-0"]
[WhiteElo "2209"]
[BlackElo "2402"]
[PlyCount "113"]
[EventDate "2010.08.05"]

1. e4 c5 2. Nf3 Nc6 3. d4 cxd4 4. Nxd4 Nf6 5. Nc3 e5 6. Ndb5 d6 7. Bg5 a6 8.
Na3 b5 9. Bxf6 gxf6 10. Nd5 Bg7 11. Bd3 O-O 12. O-O Ne7 13. Nxe7+ Qxe7 14. c4
b4 15. Nc2 Rb8 16. Ne3 Be6 17. Qe2 Rfe8 18. b3 Bh6 19. Rad1 Bxe3 20. Qxe3 Kh8
21. Rd2 Rg8 22. Rfd1 Qc7 23. Bb1 Rb6 24. Kh1 Bg4 25. f3 Be6 26. f4 Rg4 27. f5
Bc8 28. Qh6 Kg8 29. c5 Rc6 30. Rxd6 Rxd6 31. cxd6 Qc3 32. Qc1 Bd7 33. Qxc3 bxc3
34. Kg1 Kf8 35. Rc1 c2 36. Bxc2 Ke8 37. Kf2 Bc6 38. h3 Rg8 39. Bd3 Kd7 40. Kf3
Kxd6 41. Bc4 Rf8 42. Bxa6 Ra8 43. Bc4 Rxa2 44. Bxf7 Rd2 45. Bc4 Rd4 46. Re1 Kc5
47. g4 Rd2 48. h4 h6 49. g5 hxg5 50. hxg5 fxg5 51. f6 Rd6 52. f7 Rf6+ 53. Kg4
Kd6 54. Kxg5 Ke7 55. Ra1 Rf2 56. Ra7+ Kf8 57. Rc7 1-0